000 01013nam a22002417a 4500
999 _c3776
_d3776
003 OSt
005 20241026122752.0
008 241026b ||||| |||| 00| 0 eng d
020 _a9780008213497
040 _cKH8
082 _a510 CON
100 _aConway, Michele,
_eauthor.
245 _aCambridge Lower Secondary Maths Stage 7:
_bStudent's Book /
_cMichele Conway, Sarah Sharratt and Deborah McCarthy.
260 _aLondon ;
_bCollins ,
_c2018.
300 _av, 312 pages :
_bcolor illustrations ;
_c27 cm.
490 _aCambridge lower secondary
520 _aThis brand new, three-level series, provides coverage of the Cambridge Secondary 1 maths curriculum framework. Written by an experienced author team, the series comprises a comprehensive Student Book, extensive Workbook and supportive Teacher Guide.
650 _aMathematics
_vStudent's book
650 _aMathematics
_vPractice & Revision
700 _aSharratt, Sarah,
_eauthor.
700 _aMcCarthy, Deborah,
_eauthor.
942 _2ddc
_cTR